Il bel Trentino : atlante della regione alpina dalle Dolomiti al Garda = Bello Trentino : atlas de región alpina de las Dolomiti al Garda /

Guardado en:
Detalles Bibliográficos
Autor corporativo: Provincia autonoma di Trento. Ufficio Emigrazione
Formato: Libro
Idioma:Español
Publicado: Trento, Italia : Panorama, 1986, c1986
Etiquetas: Agrega una etiqueta
Sin etiquetas, Sé el primero en etiquetar este registro!

MARC

LEADER 00000nam^a2200000^a^4500
001 000593517
005 20250526000000.0
009 20260310133008.311
037 |a Acervo ITESO - Biblioteca 
041 |a ESP 
091 |a FCO. 04768 
245 0 3 |a Il bel Trentino :  |b atlante della regione alpina dalle Dolomiti al Garda = Bello Trentino : atlas de región alpina de las Dolomiti al Garda / 
264 4 |a Trento, Italia :  |b Panorama,  |c 1986, c1986 
300 |a 99 p. ;  |c 24.0 cm. 
336 |a texto  |b txt  |2 rdacontenido 
337 |a sin mediación  |b n  |2 rdamedio 
338 |a volumen  |b nc  |2 rdasoporte 
649 |a XX 
710 |a Provincia autonoma di Trento.  |b Ufficio Emigrazione 
910 |a Fondo Erich Coufal Kieswetter 
920 |a Impresos - Libros 
930 |a Libros Antiguos y Raros 
905 |a 142 
901 |a 593517-10  |b IT2  |c LRA  |i D  |u 20250526 
902 |a https://opac.biblio.iteso.mx/vufind/Record/000593517